00365nam a2200157Ia 45000010006000000050017000060080041000230410008000640820020000721000029000922450028001212600009001493000033001586500008001916540008001991471220260306164934.0260306t2005||||xx |||||||||||||| ||spa|| aESP a516.3bL41 2005 aLehmann, Charles H.eAUT 0aGeometría analítica c2005 axiv, 494 páginas :c23 cm. aGEN aCMA